000 01168nam0a22002891 4500
001 rc\4829788
005 20260406180558.0
021 _aRU
_b[66-29393]
035 _a(NLR Aleph) 008887623
090 _a8621876
_c8621876
100 _a20130426d1966 |||y0rusy50 ca
101 0 _arus
102 _aRU
105 _aa z |||||
200 1 _aКерамика и фарфор из фондов Таллинского городского музея
_e[Перевод]
_fМ-во культуры Эст. ССР...
210 _aТаллин
_cБ. и.
_d1966
215 _a15 с., 6 л. ил.
_d20
300 _aНа обороте тит. л. сост.: Л. Алекырс
606 _aФарфор художественный
_xМузейные собрания
_yТаллин
_2psbo
606 _aКерамические изделия, художественные
_xМузейные собрания
_yТаллин
_2psbo
702 1 _aАлекырс
_bЛ.
_4220
710 0 2 _aТаллинский гор. музей
_3RU\NLR\AUTH\889945171
_9385657
801 0 _aRU
_bNLR
_gpsbo
801 1 _aRU
_bELAR
_2rusmarc
852 _aNLR
_j66-4/5968
942 _cBOOK
980 _aNB